00735cam a2200241 a 450000100060000000300080000600500170001400800390003102000220007003500190009204000390011104100080015008200240015810000230018224500870020525000120029226000490030430000330035350400290038665000280041565000290044370000210047229549BD-RjUL20211209051427.0140403s1983 txua b 000 0 eng a0256024367 (pbk.) a(BD-RjUL)29634 aDLCcDLCdDLCdOCoLCdBD-RjULbeng aeng00a158.7219bORA 1983 a Organ , Dennis W.04aThe Applied psychology of work behavior :ba book of readings /c Dennis W. Organ. aRev.ed. aPlano, Tex. :bBusiness Publications,c1983. aix, 498 p. :bill. ;c23 cm. aIncludes bibliographies. 0aPsychology, Industrial. 0aOrganizational behavior.1 aOrgan, Dennis W.